000 00658nam a2200253Ia 4500
001 30291
005 20240114001441.0
007 ta
008 060718s1895 g b000 u 491 u
040 _aCotton College,Assam
041 _a491
082 _a294.14
_bAp 83 Up
100 _aApte, Hari Narayan .
245 0 _aUpanisadang Samuchchyah /
_cHari Narayan Apte.
_hTextual Documents
250 _a1st ed. /
260 _aSl :
_bAnanda Sram Mudranalaya ,
_c1895.
300 _a308p. ;
_c22cm.
653 _aReligion-Hindu
653 _aUpanisada
653 _aG-Religion
942 _2ddc
_cBK
999 _c30273
_d30273